000 00767nam a2200229 a 4500
008 120416s1998 ||||||||||||||||| || u
020 _a0873351592
050 _aTN 272 Tor
100 _aTorries, Thomas T
245 1 0 _aEvaluating mineral projects
246 _aapplications and misconceptions
260 _aLittlcton, CO.
_bSociety for Mining, Metallurgy
_c1998.
300 _axv, 153p. : ill.
350 _a0.00
500 _aBibliography.
650 3 _aMINERALS
650 _aMINE VALUATION
650 _aINVESTMENTS
650 0 _aRISK ASSESSMENT
650 _aMINERAL INDUSTRIES
995 _D0.00
_FCBU-MAIN LIBRARY (Kitwe)
_H1
_I15.00
_M1
_UAVAILABLE
_WJun 2, 2006
_ZMain Library Open Access Collection
999 _c42619
_d42619